MARC details
| 000 -CABECERA |
| campo de control de longitud fija |
01077cam a2200313 a 4500 |
| 001 - NÚMERO DE CONTROL |
| campo de control |
000019348 |
| 003 - IDENTIFICADOR DEL NÚMERO DE CONTROL |
| campo de control |
DO-SdBNP |
| 005 - FECHA Y HORA DE LA ÚLTIMA TRANSACCIÓN |
| campo de control |
20240305121310.0 |
| 007 - CAMPO FIJO DE DESCRIPCIÓN FÍSICA--INFORMACIÓN GENERAL |
| campo de control de longitud fija |
ta |
| 008 - DATOS DE LONGITUD FIJA--INFORMACIÓN GENERAL |
| campo de control de longitud fija |
041112s1968 sp b s000 e spa d |
| 035 ## - NÚMERO DE CONTROL DEL SISTEMA |
| Número de control de sistema |
(SP-BaPL)pu040081526 |
| 040 ## - FUENTE DE LA CATALOGACIÓN |
| Centro catalogador/agencia de origen |
DO-SdBNP |
| Lengua de catalogación |
spa |
| Centro/agencia transcriptor |
BNPHU |
| 049 ## - FONDOS LOCALES (OCLC) |
| Fondos de biblioteca |
BNGR |
| 082 #4 - NÚMERO DE LA CLASIFICACIÓN DECIMAL DEWEY |
| Número de clasificación |
864.62 |
| Número de documento/Ítem |
C419m 1968 |
| Número de edición |
22 |
| 100 1# - ENTRADA PRINCIPAL--NOMBRE DE PERSONA |
| Nombre de persona |
Maeztu, Ramiro de, |
| Fechas asociadas al nombre |
1875-1936 |
| 9 (RLIN) |
3100 |
| 245 10 - MENCIÓN DE TÍTULO |
| Título |
Don Quijote, Don Juan y la Celestina : |
| Resto del título |
ensayos de simpatía / |
| Mención de responsabilidad, etc. |
Ramiro de Maeztu. |
| 250 ## - MENCIÓN DE EDICIÓN |
| Mención de edición |
10a ed. |
| 260 ## - PUBLICACIÓN, DISTRIBUCIÓN, ETC. |
| Lugar de publicación, distribución, etc. |
Madrid : |
| Nombre del editor, distribuidor, etc. |
Espasa-Calpe, |
| Fecha de publicación, distribución, etc. |
1968. |
| 300 ## - DESCRIPCIÓN FÍSICA |
| Extensión |
212, [16] p. ; |
| Dimensiones |
22 cm. |
| 490 1# - MENCIÓN DE SERIE |
| Mención de serie |
Austral. Verde: ensayos y filosofía |
| Designación de volumen o secuencia |
31 |
| 500 ## - NOTA GENERAL |
| Nota general |
Incluye índice de autores |
| 600 14 - PUNTO DE ACCESO ADICIONAL DE MATERIA--NOMBRE DE PERSONA |
| Nombre de persona |
Cervantes Saavedra, Miguel de, |
| Fechas asociadas al nombre |
1547-1616. |
| Título de la obra |
Don Quixote. |
| 9 (RLIN) |
41580 |
| 600 14 - PUNTO DE ACCESO ADICIONAL DE MATERIA--NOMBRE DE PERSONA |
| Nombre de persona |
Rojas, Fernando de, |
| Fechas asociadas al nombre |
d. 1541. |
| Título de la obra |
Celestina. |
| 9 (RLIN) |
41581 |
| 650 #4 - PUNTO DE ACCESO ADICIONAL DE MATERIA--TÉRMINO DE MATERIA |
| Término de materia o nombre geográfico como elemento de entrada |
Ensayos españoles |
| Subdivisión general |
Colecciones |
| 9 (RLIN) |
41579 |
| 650 #4 - PUNTO DE ACCESO ADICIONAL DE MATERIA--TÉRMINO DE MATERIA |
| Término de materia o nombre geográfico como elemento de entrada |
Literatura española |
| Subdivisión cronológica |
Siglo XX |
| 9 (RLIN) |
3326 |
| 830 #0 - PUNTO DE ACCESO ADICIONAL DE SERIE-TÍTULO UNIFORME |
| Título uniforme |
Austral. |
| Nombre de parte o sección de la obra |
Verde: ensayos y filosofía; |
| Designación de volumen o secuencia |
31 |
| 9 (RLIN) |
8733 |
| 910 ## - DATOS DE OPCIÓN DEL USUARIO (OCLC) |
| Datos de opción del usuario |
Catalogación derivada / LC |
| 942 ## - ELEMENTOS DE PUNTO DE ACCESO ADICIONAL (KOHA) |
| Fuente del sistema de clasificación o colocación |
Dewey Decimal Classification |
| Tipo de ítem Koha |
Libro |